Fragen aus der Wissenschaft - Buchstabe O - Statistiken

Allgemein
  • Dieses Quiz wurde 115 mal gespielt
  • Das Durchschnittsergebnis liegt bei 9 aus 20
Antwortstatistiken
Hinweis Antwort % Korrekt
Einheit des elektrischen Widerstands Ohm
99%
Deutscher Erfinder und Entwickler des Verbrennungsmotors Nicolaus Otto
88%
Mineral und Schmuckstein, schillernde Farben Opal
78%
Wissenschaft vom Licht, seiner Entstehung und Wahrnehmung Optik
72%
Modifikation des Sauerstoffs, O3 Ozon
67%
Staatsform - Herrschaft von Wenigen Oligarchie
65%
Lehre von den Vögeln, Vogelkunde Ornithologie
63%
Transportprozess von z. B. Wasser durch eine Membran Osmose
52%
Chemische Reaktion, bei der Elektronen abgegeben werden Oxidation
45%
Platonischer Körper mit 8 Flächen Oktaeder
44%
Wiederholte zeitliche Schwankung, Schwingung (Physik) Oszillation
34%
Chemisches Element mit der höchsten Dichte aller Elemente Osmium
29%
Anderes Wort für die y-Achse im Koordinatensystem Ordinate
26%
Im Gehirn produziertes Peptidhormon - "Kuschelhormon" Oxytocin
25%
Pflanzenfamilie - Name stammt vom griech. Wort für Hoden ab Orchidee
23%
Mathematische Vorschrift, z. B. Plus, Minus, Mal Operator
16%
Aufenthaltsraum von Elektronen in der Quantenchemie Orbital
14%
Namensgeber einer astronomischen Wolke im Sonnensystem Jan Hendrik Oort
9%
Mittelalterlicher Philosoph und Theologe - Rasiermesser Wilhelm von Ockham
9%
Deutsch-baltischer Chemiker und Philosoph - Nobelpreis 1909 Wilhelm Ostwald
6%
Keine übereinstimmenden Quizze gefunden
Verteilung der Resultate
Anzahl Personen mit jedem Resultat
Perzentil nach korrekt beantworteten Fragen
Ihre Resultats-Entwicklung
Sie haben dieses Quiz noch nicht gespielt